| 000 | 01001cam a2200217 a 4500 | ||
|---|---|---|---|
| 001 | 000001116 | ||
| 005 | 20200929145459.0 | ||
| 008 | 850417s1954 sp a 001 0 spa | ||
| 040 |
_aDO-SdBNP _bspa _cBNPHU |
||
| 082 |
_a624.183414 _bK47c |
||
| 100 | 1 |
_aKiehne, Siegfried, _d1885- _93827 |
|
| 240 | 1 | 0 |
_aBauten aus Beton- und Stahlbeton-Fertigteilen. _lEspañol |
| 245 | 1 | 0 |
_aConstrucción con prefabricados de hormigón y hormigón armado : _bclasificación de las construciones composición del material prefabricados como elementos de construción situación, disposición y equipo de las fábricas / _cSiegfried Kiehne, Peter Bonatz. |
| 260 |
_aBarcelona : _bReverté, _c1954. |
||
| 300 |
_axii, 357 p. : _bil. ; _c24 cm. |
||
| 534 |
_aVersión española de la obra: _tBauten aus Beton- und Stahlbeton-Fertigteilen |
||
| 650 | 4 |
_aConstrucciones prefabricadas _93828 |
|
| 650 | 4 |
_aConstrucción de hormigón _93829 |
|
| 650 | 4 |
_aConstrucción de hormigón armado _93830 |
|
| 700 | 1 |
_aBonatz, Peter _93831 |
|
| 999 |
_c1074 _d1074 |
||